Science Quiz

Random Science or Astronomy Quiz
Score 0/8 Timer 01:00
0 Plays Today
% Correct
Earth
95.7%
Venus
86.1%
Jupiter
81.7%
Mars
80.6%
Uranus
79.9%
Mercury
78.9%
Saturn
78%
Neptune
65.2%
Remove Ads.
Support Sporcle.
Get the best of Sporcle when you Go Orange. This ad-free experience offers more features, more stats, and more fun while also helping to support Sporcle. Thank you for becoming a member.

You're not logged in!

Compare scores with friends on all Sporcle quizzes.
OR
Log In

Show Comments

Extras

Top Quizzes Today


Score Distribution

Your Account Isn't Verified!

In order to create a playlist on Sporcle, you need to verify the email address you used during registration. Go to your Sporcle Settings to finish the process.

Report this User

Report this user for behavior that violates our Community Guidelines.

Details: